| 000 | 00464nam a2200169 i 4500 | ||
|---|---|---|---|
| 001 | 71004 | ||
| 003 | ES-MaACL | ||
| 005 | 20241124063027.0 | ||
| 007 | t| | ||
| 008 | 040804s1904 sp ||||1| spa d | ||
| 100 | 1 |
_aGascón y Miramón, Antonio. _955868 |
|
| 245 | 1 | 0 |
_aReformas en la legislación minera / _cAntonio Gascón y Miramón. |
| 260 |
_aMadrid : _b[s.n., _c1904] |
||
| 852 |
_aES-MaACL _jT-1033-F-9 |
||
| 942 | _2udc | ||
| 999 |
_c71004 _d71004 |
||